=LDR 00000nam 2200000 4500 =001 INLIS000000000003301 =005 20130612091618 =008 ***********************************Ind** =035 ##$$0010-061300000003301 =041 ##$$a Ind =082 ##$$a 291.13 =090 ##$$a 291.13, Twi r =100 ##$$a Twikromo, Y Argo =245 ##$$a Ratu kidul / Y Argo Twikromo. -- =260 ##$$a 2000 $b Yogyakarta : Bentang Budaya =300 ##$$a x, 150 hlm. ; 21 cm =650 ##$$a Mitologi =850 ##$$a NBPNMAT